000
00273nam a2200109Ia 4500
008
190216s9999||||xx |||||||||||||| ||und||
100
_a
Pylee M V
245
0
_a
Constitutional History Of India 1600-1950
260
_b
Asia Publishing House
650
_a
History
942
_c
BK
999
_c
18713
_d
18713